000 01527nam a2200349 c 4500
003 BLK
005 20240731005407.0
008 180410b bul|||||r ||||||| ||bul||
010 _aKNG00164421000
040 _aBLK
041 _aBUL
_cBUL
072 7 _2bullib
_aС
_xСтаропечатен фонд
080 _aОсновно образование
_b372.4
_x(075)
_z372.4(075)
100 1 _aСлавейков, Петко Рачов
_d1827-1895
_gВиден възрожд. деец, участник в борбата за църк. освобожд., просветител, писател, поет, публицист, фолклорист, политик
_eпърви автор
_9121105
139 _aСлавейков, Петко Рачов
_bС 42
245 1 0 _aПърва читанка (след букварът) от П. Р. Славейкова
_cПетко Рачов Славейков.
257 _aBGR
260 Цариград
_c1868
_fЦариград : В печатницата на в. "Македония"
300 _a80, 16 с.
_c15 см
380 _a3
650 4 _aОсновно образование - България
_9272381
651 4 _aБългария
_9241624
653 _aосновно образование
653 _aчитанки
659 _aС
852 _aЦб Ст 6967 * 1039
856 4 _qpdf
_u
856 4 _qpdf
_u
942 _cKNG
_n0
_01
944 _aCR
_c27.08.2014
_k
_lCRON CRON
944 _aED
_c27.08.2014
_k
999 _c157477
_d157477